5HLuxD.jpg

KING HENRY VIII SENIOR AND PRIMARY SCHOOL LIBRARY OPAC

Matilda / (Record no. 3735)

000 -LEADER
fixed length control field 00894nam a22002417a 4500
003 - CONTROL NUMBER IDENTIFIER
control field OSt
005 - DATE AND TIME OF LATEST TRANSACTION
control field 20241004100423.0
008 - FIXED-LENGTH DATA ELEMENTS--GENERAL INFORMATION
fixed length control field 241004b ||||| |||| 00| 0 eng d
020 ## - INTERNATIONAL STANDARD BOOK NUMBER
International Standard Book Number 9780241558317
040 ## - CATALOGING SOURCE
Transcribing agency KH8
082 ## - DEWEY DECIMAL CLASSIFICATION NUMBER
Classification number FIC DAH
100 ## - MAIN ENTRY--PERSONAL NAME
Personal name Dahl, Roald,
Relator term author.
245 ## - TITLE STATEMENT
Title Matilda /
Statement of responsibility, etc. Roald Dahl.
260 ## - PUBLICATION, DISTRIBUTION, ETC.
Place of publication, distribution, etc. London;
Name of publisher, distributor, etc. Puffin,
Date of publication, distribution, etc. 2022.
300 ## - PHYSICAL DESCRIPTION
Extent 358 pages:
Other physical details illustrations;
Dimensions 20 cm.
520 ## - SUMMARY, ETC.
Summary, etc. 'Matilda is a brilliant child with a magical mind. But her parents have decided she is a waste of space. And her headmistress, Miss Trunchbull is a terrible bully, who thinks children are rotten and awful and should be locked up
650 ## - SUBJECT ADDED ENTRY--TOPICAL TERM
Topical term or geographic name entry element Children's / Teenage fiction & true stories
650 ## - SUBJECT ADDED ENTRY--TOPICAL TERM
Topical term or geographic name entry element Children's / Teenage fiction: Classic fiction
650 ## - SUBJECT ADDED ENTRY--TOPICAL TERM
Topical term or geographic name entry element Family issues
650 ## - SUBJECT ADDED ENTRY--TOPICAL TERM
Topical term or geographic name entry element Gifted children
700 ## - ADDED ENTRY--PERSONAL NAME
Personal name Blake, Quentin,
Relator term illustrator.
942 ## - ADDED ENTRY ELEMENTS (KOHA)
Source of classification or shelving scheme
Koha item type Books - Fiction
Holdings
Withdrawn status Lost status Source of classification or shelving scheme Damaged status Not for loan Collection code Permanent Location Current Location Shelving location Date acquired Total Checkouts Full call number Barcode Date last seen Date last checked out Price effective from Koha item type
          Fiction KH8 Senior School Library KH8 Senior School Library Fiction 2024-10-04 1 FIC DAH 3KHSL000102079 2024-11-28 2024-10-17 2024-10-04 Books - Fiction

Powered By KH8 IT Dept